Tájékozódás és tájékoztatás
Elmentve itt :
| Dokumentumtípus: | Cikk |
|---|---|
| Megjelent: |
1971
|
| Sorozat: | Szegedi Egyetem
9 No. 8 |
| Kulcsszavak: | Közvéleménykutatás |
| Online Access: | http://univ.bibl.u-szeged.hu/752 |
| LEADER | 00563nab a2200181 i 4500 | ||
|---|---|---|---|
| 001 | univ752 | ||
| 005 | 20241128153153.0 | ||
| 008 | 170928s1971 hu o 000 hun d | ||
| 022 | |a 0230-791X | ||
| 040 | |a SZTE UnivHistória Repozitórium |b hun | ||
| 041 | |a hun | ||
| 245 | 0 | 0 | |a Tájékozódás és tájékoztatás |h [elektronikus dokumentum] |
| 260 | |c 1971 | ||
| 300 | |a 4 | ||
| 490 | 0 | |a Szegedi Egyetem |v 9 No. 8 | |
| 561 | |a Egyetemi, hallgatói élet | ||
| 695 | |a Közvéleménykutatás | ||
| 856 | 4 | 0 | |u http://univ.bibl.u-szeged.hu/752/2/sze_1971_008_004.pdf |z Dokumentum-elérés |